Normal view
MARC view
Entry Personal Name
001 - CONTROL NUMBER
- control field: 1236541
003 - CONTROL NUMBER IDENTIFIER
- control field: OSt
005 - DATE AND TIME OF LATEST TRANSACTION
- control field: 20260430150127.0
008 - FIXED-LENGTH DATA ELEMENTS
- fixed length control field: 260430|| aca||aabn | a|a d
040 ## - CATALOGING SOURCE
- Original cataloging agency: OSt
- Transcribing agency: OSt
100 ## - HEADING--PERSONAL NAME
- Personal name: Aggarwal Saumya Au.; Singh Ajay Kumar Gu.; Shrotryia Vijay Kumar Gu
670 ## - SOURCE DATA FOUND
- Source citation: Work cat.: (OSt)1849013: Aggarwal Saumya Au.; Singh Ajay Kumar Gu.; Shrotryia Vijay Kumar Gu., Dimensions of Organisation Culture and its Impact: A Study of Select Organisations, 2022
